| 000 | 00770cab a2200253 4500 | ||
|---|---|---|---|
| 001 | WB3019-13 | ||
| 008 | 090401t1994 xxu||||| |||| 00| 0 eng d | ||
| 035 | _a(Sirsi) u53019 | ||
| 041 | _aeng | ||
| 245 | _aMerger opportunity | ||
| 260 | _c1994 | ||
| 350 | _a0 | ||
| 490 |
_aEstates Gazette _v(9419) 14 May 1994, 47(1) |
||
| 520 | _aThe property industry could benefit significantly from mergers between UK banks and building societies. | ||
| 650 | _aBANKS | ||
| 650 | _aBUILDING SOCIETIES | ||
| 650 | _aCHELTENHAM & GLOUCESTER BUILDING SOCIETY | ||
| 650 | _aFIRST DIRECT | ||
| 650 | _aLLOYDS BANK | ||
| 650 | _aRATIONALISATION | ||
| 690 | _aPROPERTY-COMMERCIAL PROPERTY-COMMERCIAL PROPERTY FINANCE AND INVESTMENT | ||
| 942 | _n0 | ||
| 948 | _c04/03/1997 | ||
| 999 |
_c32712 _d32712 |
||